Fr. Conceicao Rodrigues College of Engineering

Passive & Active Filters : Theory & Implementation (Record no. 28117)

MARC details
000 -LEADER
fixed length control field 00334nam a2200145Ia 4500
082 ## - DEWEY DECIMAL CLASSIFICATION NUMBER
Classification number 621.3815324
100 ## - MAIN ENTRY--PERSONAL NAME
Personal name Wai- Kai Chen
245 ## - TITLE STATEMENT
Title Passive & Active Filters : Theory & Implementation
260 ## - PUBLICATION, DISTRIBUTION, ETC.
Name of publisher, distributor, etc. John Wiley
Place of publication, distribution, etc. New York
Date of publication, distribution, etc. 1986
546 ## - LANGUAGE NOTE
Language note ENGLISH
650 ## - SUBJECT ADDED ENTRY--TOPICAL TERM
Topical term or geographic name entry element Fitter
654 ## - SUBJECT ADDED ENTRY--FACETED TOPICAL TERMS
Focus term Fitter
942 ## - ADDED ENTRY ELEMENTS (KOHA)
Koha item type BOOK
Holdings
Withdrawn status Lost status Damaged status Not for loan Collection Home library Current library Date acquired Source of acquisition Cost, normal purchase price Total Checkouts Full call number Barcode Date last seen Cost, replacement price Price effective from Koha item type
        CRC Fr. Agnel's C.Rodrigues College of Engineering Fr. Agnel's C.Rodrigues College of Engineering 17/03/2023 global books 316.00   621.3815324 6648 17/03/2023 316.00 17/03/2023 BOOK